000 00290nam a22001337a 4500
003 SGT
082 _a614.1
_bA19D
100 _aDAHIYA, RAMKISHAN
245 _aA COMPREHENSIVE STUDY OF HOMICIDES
260 _aSGTU
_c2019
300 _a40
650 _aFORENSIC MEDICINE
942 _2ddc
_cTH
999 _c20562
_d20562